00263nam a2200097Ia 4500008004100000100002600041245002900067260004300096260000900139999001700148170620s9999 xx 000 0 und d aSharma- R. A. (Hindi) 0aAdhyapak Shiksha (Hindi) bMeerut- International Publishing House c2005 c24781d24781